Państwa położone w linii prostej z miastami #1 - Statystyki

Ogólne statystyki
  • Ten quiz został rozwiązany 7 275 razy
  • Średni wynik to 14 z 24
Statystyki odpowiedzi
Miasto Kierunek Państwo % Poprawnych
Pekin Północ Mongolia
96%
Miami Południe Kuba
80%
Mediolan Północ Szwajcaria
80%
Tokio Wschód Stany Zjednoczone
78%
Rzym Zachód Francja
76%
Londyn Wschód Holandia
75%
Dubaj Północ Iran
69%
Glasgow Zachód Kanada
69%
Helsinki Południe Estonia
68%
Kair Północ Turcja
67%
Tunis Północ Włochy
66%
Wiedeń Wschód Słowacja
60%
Nowe Delhi Zachód Pakistan
58%
Nowy Jork Wschód Portugalia
58%
Rio de Janeiro Zachód Paragwaj
56%
Sydney Wschód Chile
52%
Osaka Południe Indonezja
48%
Hanoi Zachód Laos
47%
Rijad Południe Jemen
44%
Johannesburg Południe Lesotho
43%
Ankara Południe Cypr
42%
Buenos Aires Wschód Urugwaj
41%
Bombaj Wschód Mjanma
33%
Mekka Zachód Sudan
33%
Nie znaleziono quizów pasujących do podanych kryteriów
Rozkład punktacji
Procent ludzi z każdym wynikiem
Percentyl według liczby udzielonych odpowiedzi
Twoja historia wyników
Nie rozwiązałeś tego quizu